Chronicon Carionis Expositvm Et Avctvm Mvltis Et Veteribvs Et Recentibvs Historijs, in descriptionibus regnorum et gentium antiquarum, et narrationibus rerum Ecclesiasticarum, et Politicarum, Graecarum, Romanorum, Germanicarum et aliarum, ab exordio Mundi vsque ad Carolvm V. Imperatorem.

Bibliographic Details
Main Authors: Melanchthon, Philipp, 1497-1560 (Author, Dedicator), Carion, Johann, 1499-1538 (Author), Peucer, Kaspar, starší, 1525-1602 (Author, Dedicator), Tacitus, Publius Cornelius, asi 55-asi 120 (Author)
Corporate Author: Schmidt, Peter (Frankfurt nad Mohanom, Nemecko) (Printer)
Other Authors: Schmidt, Peter, 16. storočie (Printer)
Format: Book
Language:Latin
PhysicalDescription:[120], 1189, [1] str., l tab. 8° 20 x 13 cm
Published: Francofvrti Ad Moenvm apvd Petrvm Fabritivm Anno M.D.LXXXI. [= 1581]
Subjects:

MARC

LEADER 00000nam a2200000 a 4500
001 vtls008865790
003 SK-MaSNL
005 20260301035857.0
008 251112s1581 gw j 1 lat
015 |a SNBHFA1581 
035 |a cpl000126563 
040 |a SNK  |b slo  |c SNK  |e AACR2 
041 0 |a lat 
044 |a gw  |c DE 
072 7 |a 93/94  |x Dejiny (všeobecne)  |2 konspekt 
080 |a 93/94  |2 2011 
100 1 |a Melanchthon, Philipp,  |d 1497-1560  |4 aut  |4 dto  |9 42142 
245 1 0 |a Chronicon Carionis  |b Expositvm Et Avctvm Mvltis Et Veteribvs Et Recentibvs Historijs, in descriptionibus regnorum et gentium antiquarum, et narrationibus rerum Ecclesiasticarum, et Politicarum, Graecarum, Romanorum, Germanicarum et aliarum, ab exordio Mundi vsque ad Carolvm V. Imperatorem.  |c A Philippo Melanthone et Casparo Peucero. Recens vero summo studio adornatum, pristinaeq; integritati, exemplorum veterum ac recentium collatione exquisita, restitutum. Quid praeterea huic editioni, accesserit versa ostendet pagella. - Pvblii Taciti Cornelii Historici, De Sitv & Moribvs populis Germaniae, libellus. - Exhortatio Maximiliani Caesaris Ad Bellvm Tvrcis Inferendum, Scripta A Philippo Melanth. - De Elect. Et Coronatione Caroli V. Caesaris Historia. Philipp Melanth. 
246 3 0 |a De Sitv & Moribvs populis Germaniae 
246 3 0 |a Exhortatio Maximiliani Caesaris Ad Bellvm Tvrcis Inferendum 
246 3 0 |a De Electione Et Coronatione Caroli V. Caesaris Historia 
260 |a Francofvrti Ad Moenvm  |b apvd Petrvm Fabritivm  |c Anno M.D.LXXXI. [= 1581] 
300 |a [120], 1189, [1] str., l tab.  |c 8°  |c 20 x 13 cm 
500 |a Signety, vinety, iniciálky s ornamentálnym a figurálnym pozadím v rámčeku a vo voľnom priestore na 5, 6 a 9 r., marginálie, kustody 
504 |a Rukopisné poznámky v latinčine 
508 |a Dedikácia: August - kurfirst saský; Sigmund von Brandenburg - arcibiskup magdeburský; Peucer, Kaspar; Melanchthon, Philipp 
510 4 |a VD 16 M/2719 
550 |a Impresorské údaje aj v kolofóne 
561 |a Proveniencia: H.b. Johann Hallmos. - Majetok Andr. Krasisl. Braxatoriss. - supralibros [...] HP 1586. - pečať Nyitravármegyei Muzeum 1900. - Exlibris Matice slovenskej. -Vit[us] Mathesius [?]. - Na konci tlače rukopisný zápis: Anno Dni MDLXXXIX, postridie d. Galii, qvae fuit Octobr. 17Clariss et doctiss vir. Dn. M. Petrus Codicillus a Tulechova, totius Bohemiae lumen, sub id feré temporis, cum Rectoratus officium in Auditorio Collegij Magni Philosophico resignare vellet, atq3 electio vel saltem renovatio Rectoris fieri deberet, derepenté gravi correptus est applexia: cujus ob vehementiam ubi die aliqvot afflictissimus decumbere nec ullius beneficio pharmaci convalescere posset, tandem ejusdem mens. oct. die 29, horam circiter 17. ex hoc vita in coelestem patriam comigravit. Ejus corpus Aed. Novebr. qvae dies Omnium Sanctorum fuit, comitante magnapopuli Pragensis frequentia, in eadem D. Stephani Major is honorifice et religiose delatum, ibideq praemissa pia concione humatum est. Scriptum Pragae in Collegia Laude ipso die Sepulturae.  |5 SNK ID 1680 
563 |a Väzba: renesančná, kožená so slepotlačou, poškodené spony.  |5 SNK ID 1680 
600 3 0 |a Codicillus, Petrus  |d 1589  |9 339046 
650 0 7 |a dejiny  |2 SNKPH  |9 3825 
700 1 |a Carion, Johann,  |d 1499-1538  |4 aut  |9 127007 
700 1 |a Peucer, Kaspar,  |c starší,  |d 1525-1602  |4 aut  |4 dto  |9 129740 
700 1 |a Schmidt, Peter,  |d 16. storočie  |4 prt  |9 130476 
700 1 |a Hallmos, Johann  |4 fmo  |9 339047 
700 1 |a Sládkovič, Andrej  |4 fmo  |9 339048 
700 1 |a Major, Stephan  |4 fmo  |9 339049 
700 0 |a H.P.  |d 1586  |4 fmo  |9 339050 
700 0 |a August  |c kurfirst saský  |4 hnr  |9 339045 
700 1 |a Tacitus, Publius Cornelius,  |d asi 55-asi 120  |4 aut  |9 6573 
700 0 |a Sigmund von Brandeburg,  |c magdeburský arcibiskup,  |d 1538-1566  |4 hnr  |9 130574 
700 1 |a Mathesius, Vitus  |4 fmo  |9 339051 
710 2 |a Schmidt, Peter (Frankfurt nad Mohanom, Nemecko),  |d 1557-1595  |4 prt  |9 52700 
710 2 |a Župné múzeum Nitra  |d 1900  |4 fmo  |9 339052 
710 2 |a Matica slovenská  |4 fmo  |9 14662 
752 |a Nemecko  |d Frankfurt nad Mohanom 
852 |a snk  |b Historické fondy  |p ID 1680 
958 |a DA 
958 |a ONDV 
999 |c 585083  |d 587013 
952 |t Tlače 16. stor.  |a SNK  |b SNK  |c SNK_HF  |y PREZ  |7 0  |p 17A1396402  |o snkID 1680  |i snk1941/1288  |8 5  |0 0  |1 0  |4 0  |d 2020-09-18  |f 1  |l 0  |r 2026-02-23 15:05:39  |w 2026-02-23